International Relations (Record no. 3677)

MARC details
000 -LEADER
fixed length control field 00412nam a22001697a 4500
005 - DATE AND TIME OF LATEST TRANSACTION
control field 20180223142108.0
008 - FIXED-LENGTH DATA ELEMENTS--GENERAL INFORMATION
fixed length control field 160623b xxu||||| |||| 00| 0 eng d
020 ## - INTERNATIONAL STANDARD BOOK NUMBER
ISBN 81-87567-85-6
041 ## - LANGUAGE CODE
Language code of text/sound track or separate title eng
082 ## - DEWEY DECIMAL CLASSIFICATION NUMBER
Item number 9351
Classification number 327
100 ## - MAIN ENTRY--AUTHOR NAME
Personal name Mukherjee, Sakti and Mukherjee, Indrani
245 ## - TITLE STATEMENT
Title International Relations
260 ## - PUBLICATION, DISTRIBUTION, ETC. (IMPRINT)
Name of publisher World Press
300 ## - PHYSICAL DESCRIPTION
Number of Pages 486
650 ## - SUBJECT ADDED ENTRY--TOPICAL TERM
Topical Term Management
942 ## - ADDED ENTRY ELEMENTS (KOHA)
Koha item type Books
Holdings
Lost status Damaged status Collection code Home library Shelving location Date acquired Cost, normal purchase price Full call number Accession Number Koha item type Current library
    LAW JRU Library SHELF-29-F 23/06/2016 180.00 327 9351 Books  
    LAW JRU Library SHELF-29-F 23/06/2016 180.00 327 9352 Books  
    LAW JRU Library SHELF-29-F 23/06/2016 180.00 327 9353 Books  
    LAW JRU Library SHELF-29-F 23/06/2016 180.00 327 9354 Books  
    LAW JRU Library SHELF-29-F 23/06/2016 180.00 327 9355 Books